000 00870nam a2200241Ia 4500
003 GCL
008 140319s9999 xx 000 0 ara d
040 _aGCL /
_cGCL
082 0 4 _a961.2
_bك ل
100 1 _aخليفة محمد التليسى
245 1 0 _aليبيا اثناء العهد العثمانى الثانى /
_cخليفة محمد التليسى
700 1 _aكورو , فرانشكو
260 _a[S.N] :
_bالمنشأة العامة للنشر والتوزيع والاعلان ،
_c1984
300 _a160 ص
490 _a
650 0 4 _aالعصر الحديث
650 0 4 _aتاريخ
650 0 4 _aالاحوال الاجتماعية
650 0 4 _aليبيا
650 0 4 _aالامبراطورية العثمانية (1551 - 1611)
650 0 4 _aالعالم العربى - تاريخ - العصر العثمانى
942 _2ddc
_cBK
999 _c35821
_d35821